[Event "Titled Tue 3rd Jun Early"]
[Site "chess.com INT"]
[Date "2025.06.03"]
[Round "11"]
[White "Tikhonov, Viacheslav"]
[Black "Tulendinov, Dinmukhammed"]
[Result "0-1"]
[WhiteTitle "CM"]
[BlackTitle "FM"]
[WhiteElo "2183"]
[BlackElo "2124"]
[WhiteFideId "44196407"]
[BlackFideId "13730860"]
[EventDate "2025.06.03"]

1. e4 c5 2. Nf3 e6 3. b3 d5 4. exd5 exd5 5. Bb5+ Bd7 6. Bxd7+ Nxd7 7. O-O Ngf6
8. Re1+ Be7 9. Qe2 Nf8 10. d4 Ne6 11. dxc5 O-O 12. b4 a5 13. c3 Ne4 14. Bb2 Bf6
15. a3 axb4 16. axb4 Rxa1 17. Bxa1 Qa8 18. Qb2 Nf4 19. Re3 Nxc3 20. Nxc3 d4 21.
Ne4 dxe3 22. Nxf6+ gxf6 23. Qxf6 exf2+ 24. Kxf2 Qa2+ 25. Nd2 Qxd2+ 26. Kf3 Qxg2+
27. Kxf4 Qf2+ 28. Kg5 Qxf6+ 29. Kxf6 Re8 30. b5 Re2 31. Be5 Rf2+ 32. Ke7 Rc2 33.
c6 bxc6 34. b6 Rc5 35. b7 Rxe5+ 0-1

[Event "Titled Tue 3rd Jun Early"]
[Site "chess.com INT"]
[Date "2025.06.03"]
[Round "11"]
[White "Pacheco, Daniel"]
[Black "Logozar, Elijah"]
[Result "0-1"]
[WhiteTitle "FM"]
[WhiteElo "2191"]
[BlackElo "1945"]
[WhiteFideId "101680"]
[BlackFideId "30963788"]
[EventDate "2025.06.03"]

1. e4 c5 2. Nf3 d6 3. d4 cxd4 4. Nxd4 Nf6 5. Nc3 a6 6. h3 e6 7. g4 Be7 8. Bg2
Nfd7 9. Be3 b5 10. e5 d5 11. f4 Bb7 12. O-O Nc6 13. Nxc6 Bxc6 14. Ne2 O-O 15.
Nd4 Bb7 16. Qd2 Rc8 17. Rae1 Nb6 18. Qf2 Nc4 19. Bc1 Bh4 20. Qe2 Bxe1 21. Rxe1
Qb6 22. Qf2 b4 23. f5 Na5 24. f6 gxf6 25. exf6 Nc6 26. Be3 Nxd4 27. Bxd4 Qc7 28.
Qe3 Qxc2 29. Qg3 Rc4 30. Qe5 Qd2 31. Re3 Kh8 32. Bb6 d4 33. Qd6 Qxg2# 0-1

[Event "Titled Tue 3rd Jun Early"]
[Site "chess.com INT"]
[Date "2025.06.03"]
[Round "11"]
[White "Ivashentseva, Dominika"]
[Black "Noy, Eyal"]
[Result "0-1"]
[WhiteTitle "WCM"]
[BlackTitle "FM"]
[WhiteElo "1921"]
[BlackElo "2346"]
[WhiteFideId "34331050"]
[BlackFideId "2821117"]
[EventDate "2025.06.03"]

1. d4 c5 2. d5 e5 3. c4 d6 4. e4 f5 5. Nc3 Nf6 6. Bd3 g6 7. Bg5 Be7 8. Nge2 O-O
9. Qc2 fxe4 10. Bxf6 exd3 11. Bxe7 dxc2 12. Bxd8 Rxd8 13. Nb5 a6 14. Nc7 Ra7 15.
Kd2 b5 16. Ne6 Bxe6 17. dxe6 bxc4 18. Kxc2 d5 19. b3 cxb3+ 20. axb3 Nc6 21. Rhd1
Kf8 22. Kb2 Ke7 23. Rac1 Kd6 24. f4 e4 25. g4 Nb4 26. Rc2 Nxc2 27. Kxc2 Kxe6 28.
Ng3 e3 29. Kd3 d4 30. Rc1 Kd5 31. Ne4 Rc7 32. Nf6+ Ke6 33. Ne4 Rdc8 34. Ng5+ Kd5
35. Ne4 Rc6 36. g5 Rf8 37. Ra1 Rxf4 38. Nf6+ Rfxf6 39. gxf6 Rxf6 40. Ra5 Rf2 0-1

[Event "Titled Tue 3rd Jun Early"]
[Site "chess.com INT"]
[Date "2025.06.03"]
[Round "11"]
[White "Perry, Patrick"]
[Black "Silva, Pedro Gil Ferreira Da"]
[Result "1-0"]
[BlackTitle "FM"]
[WhiteElo "2296"]
[BlackElo "2262"]
[WhiteFideId "30917727"]
[BlackFideId "1946102"]
[EventDate "2025.06.03"]

1. e4 c5 2. d4 cxd4 3. Nf3 d6 4. Nxd4 Nf6 5. Nc3 a6 6. Bg5 e6 7. Bc4 Be7 8. h4
h6 9. Be3 b5 10. Bb3 O-O 11. f3 Bd7 12. Qe2 Nc6 13. O-O-O Rc8 14. g4 Ne8 15.
Nxc6 Bxc6 16. g5 h5 17. f4 g6 18. Rhf1 b4 19. Na4 Qa5 20. Nb6 Rb8 21. Nc4 Qc7
22. f5 exf5 23. exf5 Kh7 24. fxg6+ fxg6 25. Rxf8 Bxf8 26. Bd4 Bb5 27. Qe6 Ng7
28. Qd5 Rc8 29. Ne3 Be7 30. Qf7 Bxg5 31. hxg5 Qxf7 32. Bxf7 Rc7 33. Bd5 Re7 34.
c4 Bd7 35. Kd2 Nf5 36. Nxf5 Bxf5 37. Re1 Rc7 38. Bf6 a5 39. Re7+ Rxe7 40. Bxe7
Kg7 41. Bxd6 h4 42. Ke3 Bg4 43. Kf4 1-0

[Event "Titled Tue 3rd Jun Early"]
[Site "chess.com INT"]
[Date "2025.06.03"]
[Round "11"]
[White "Abraham, John Z"]
[Black "Rustemov, Alexander"]
[Result "0-1"]
[BlackTitle "GM"]
[WhiteElo "2100"]
[BlackElo "2525"]
[WhiteFideId "30987318"]
[BlackFideId "4119002"]
[EventDate "2025.06.03"]

1. d4 g6 2. c4 Bg7 3. Nf3 d6 4. Nc3 c5 5. d5 Bxc3+ 6. bxc3 f5 7. g3 Nf6 8. Bg2
Qa5 9. Qc2 Nbd7 10. h4 Nb6 11. Nd2 Qa4 12. Qd3 Bd7 13. Bf3 O-O-O 14. e3 e5 15.
Bd1 Qa5 16. a4 e4 17. Qc2 Na8 18. Nb3 Qc7 19. a5 Rde8 20. Nd2 Kd8 21. Nb1 Ke7
22. Qb2 Kf7 23. Ba4 Ng4 24. Bxd7 Qxd7 25. Qb5 Re7 26. Qxd7 Rxd7 27. Nd2 Ne5 28.
Ke2 b6 29. h5 g5 30. Bb2 g4 31. Bc1 bxa5 32. Rxa5 Nb6 33. Ra6 Nbxc4 34. Nxc4
Nxc4 35. Ba3 Rb8 36. Ra1 Rb3 37. Bc1 Rxc3 38. Rxa7 Rxa7 39. Rxa7+ Kf6 40. Kd1 h6
41. Ra4 Kg5 42. Ra7 Kxh5 43. Rh7 Kg6 44. Rd7 h5 0-1

[Event "Titled Tue 3rd Jun Early"]
[Site "chess.com INT"]
[Date "2025.06.03"]
[Round "11"]
[White "Rojas Alarcon, Julian Antonio"]
[Black "Jaskolka, Tomasz"]
[Result "0-1"]
[WhiteTitle "FM"]
[BlackTitle "CM"]
[WhiteElo "2365"]
[BlackElo "2200"]
[WhiteFideId "5107407"]
[BlackFideId "1170791"]
[EventDate "2025.06.03"]

1. d4 g6 2. h4 h5 3. Nf3 Bg7 4. e4 c5 5. d5 d6 6. Bb5+ Bd7 7. a4 a6 8. Be2 Bg4
9. Ng5 Bxe2 10. Qxe2 Nd7 11. O-O Ngf6 12. Nd2 O-O 13. a5 Ne5 14. c4 b6 15. axb6
Qxb6 16. f4 Neg4 17. e5 Ne8 18. e6 f6 19. Nf7 f5 20. Nf3 Nef6 21. N7g5 Rab8 22.
Ra3 a5 23. Ne1 Qb4 24. Nc2 Qb6 25. b3 Nh7 26. Nxh7 Kxh7 27. Rf3 Ra8 28. Bd2 a4
29. bxa4 Qb1+ 30. Ne1 Bd4+ 31. Kh1 Rfb8 32. a5 Rb2 33. Rfb3 Rxb3 0-1

[Event "Titled Tue 3rd Jun Early"]
[Site "chess.com INT"]
[Date "2025.06.03"]
[Round "11"]
[White "Shapiro, Daniel"]
[Black "Chen, Yidong"]
[Result "0-1"]
[WhiteTitle "FM"]
[WhiteElo "2284"]
[BlackElo "2038"]
[WhiteFideId "2001780"]
[BlackFideId "8607028"]
[EventDate "2025.06.03"]

1. d4 Nf6 2. c4 g6 3. Nc3 d5 4. Nf3 Bg7 5. Qb3 dxc4 6. Qxc4 Be6 7. Qa4+ Bd7 8.
Qc2 c5 9. Bg5 cxd4 10. Nxd4 Nc6 11. Rd1 Qa5 12. Nf3 Rd8 13. a3 O-O 14. e3 Bf5
15. Bd3 Rxd3 16. Rxd3 Qa6 17. Bxf6 Bxd3 18. Qd2 Bxf6 19. Nd5 Rd8 20. Nxf6+ exf6
21. Qc3 Kg7 22. g4 Be4 23. g5 Ne5 24. Nxe5 Bxh1 25. Ng4 Bf3 26. Qxf6+ Qxf6 27.
gxf6+ Kf8 0-1

[Event "Titled Tue 3rd Jun Early"]
[Site "chess.com INT"]
[Date "2025.06.03"]
[Round "11"]
[White "Shafer, Logan C"]
[Black "Pulido Alvarez, Ariel"]
[Result "1-0"]
[WhiteTitle "CM"]
[BlackTitle "FM"]
[WhiteElo "2291"]
[BlackElo "2252"]
[WhiteFideId "30993342"]
[BlackFideId "3503011"]
[EventDate "2025.06.03"]

1. e4 c5 2. Nf3 e6 3. c3 d6 4. d4 cxd4 5. cxd4 Nf6 6. Nc3 Be7 7. Bd3 Nc6 8. O-O
O-O 9. h3 Bd7 10. a3 e5 11. d5 Nd4 12. Be3 Nxf3+ 13. Qxf3 a6 14. Rac1 Rc8 15.
Ne2 Qa5 16. Ng3 b5 17. Nf5 Bxf5 18. Qxf5 g6 19. Qxc8 Rxc8 20. Rxc8+ Kg7 21. Rfc1
Nh5 22. g3 h6 23. Kg2 Bg5 24. Bxg5 hxg5 25. Be2 Nf6 26. R8c7 Nxe4 27. Bf3 Nd2
28. R1c2 e4 29. Bg4 Kf6 30. b4 Qb6 31. R7c6 Qd4 32. Rxd6+ Kg7 33. Rc7 e3 34.
fxe3 Qxe3 35. Rdd7 Qe4+ 36. Kh2 Nf1+ 37. Kg1 Ne3 38. Rxf7+ Kh8 39. Rf8# 1-0

[Event "Titled Tue 3rd Jun Early"]
[Site "chess.com INT"]
[Date "2025.06.03"]
[Round "11"]
[White "Heimann, Alexander"]
[Black "Shukhman, Anna"]
[Result "1-0"]
[BlackTitle "WGM"]
[WhiteElo "2238"]
[BlackElo "2413"]
[WhiteFideId "2006073"]
[BlackFideId "54180058"]
[EventDate "2025.06.03"]

1. e4 c5 2. Nf3 d6 3. Bb5+ Nd7 4. a4 g6 5. O-O Bg7 6. Re1 a6 7. Bc4 Ngf6 8. d3
O-O 9. c3 Rb8 10. Na3 Ne5 11. Bf4 Nxc4 12. Nxc4 b5 13. axb5 axb5 14. Na5 Bd7 15.
e5 Nd5 16. Bg3 Qb6 17. exd6 exd6 18. Nd2 Ra8 19. Nab3 Bf5 20. Ne4 Rxa1 21. Qxa1
c4 22. dxc4 bxc4 23. Nbd2 Qc6 24. Nxd6 Bd3 25. Qa7 h5 26. N6e4 Ra8 27. Qc5 Qxc5
28. Nxc5 Nxc3 29. bxc3 Bxc3 30. Bf4 Ra2 31. Nxd3 cxd3 32. Rd1 Ra4 33. g3 Bf6 34.
Nf3 Ra3 35. Ne5 g5 36. Nd7 Be7 37. Be3 f6 38. Nc5 d2 39. Ne4 f5 40. Nxg5 Rxe3
41. fxe3 Bxg5 42. Kf2 h4 43. Rxd2 1-0

[Event "Titled Tue 3rd Jun Early"]
[Site "chess.com INT"]
[Date "2025.06.03"]
[Round "11"]
[White "Hoepfl, Thomas"]
[Black "Vaganian, Rafael A"]
[Result "1/2-1/2"]
[WhiteTitle "FM"]
[BlackTitle "GM"]
[WhiteElo "2194"]
[BlackElo "2449"]
[WhiteFideId "4615182"]
[BlackFideId "13300016"]
[EventDate "2025.06.03"]

1. e4 e6 2. d4 d5 3. Nc3 Bb4 4. e5 b6 5. a3 Bf8 6. h4 h5 7. Nf3 Ba6 8. Bxa6 Nxa6
9. Qd3 Nb8 10. Ng5 Nh6 11. Ne2 Nc6 12. Bd2 Nf5 13. c3 Be7 14. Ng3 Nxh4 15. Nxf7
Nxg2+ 16. Kf1 Kxf7 17. Kxg2 g6 18. Rae1 Bh4 19. Nf1 Kg7 20. Qh3 Bg5 21. Qxe6
Bxd2 22. Nxd2 Qg5+ 23. Kf1 Nxd4 24. Qf6+ Qxf6 25. exf6+ Kxf6 26. cxd4 Rhe8 27.
Nf3 Rxe1+ 28. Kxe1 Re8+ 29. Ne5 c5 30. Kd2 cxd4 31. Nf3 Re4 32. Re1 Rf4 33. Ke2
Re4+ 34. Kd2 Rf4 35. Ke2 Re4+ 36. Kd3 Rf4 37. Ke2 1/2-1/2

[Event "Titled Tue 3rd Jun Early"]
[Site "chess.com INT"]
[Date "2025.06.03"]
[Round "11"]
[White "Donoso Aguirre, Maximiliano"]
[Black "Miserendino, Alfredo"]
[Result "1-0"]
[WhiteTitle "CM"]
[WhiteElo "2002"]
[BlackElo "2032"]
[WhiteFideId "3458920"]
[BlackFideId "101800"]
[EventDate "2025.06.03"]

1. e4 c5 2. c3 e6 3. d4 cxd4 4. cxd4 Nf6 5. Nc3 Be7 6. Nf3 O-O 7. Bd3 b6 8. e5
Nd5 9. Nxd5 exd5 10. O-O d6 11. Bf4 Nc6 12. Bxh7+ Kxh7 13. Qc2+ Kg8 14. Qxc6 Ba6
15. exd6 Bf6 16. Rfe1 Rc8 17. Qxd5 Rc2 18. Qb3 Rc8 19. Rac1 Bb7 20. Rxc8 Qxc8
21. Be5 Qf5 22. Rc1 Kh7 23. h3 Be4 24. Qe3 Bxf3 25. Qxf3 Qxf3 26. gxf3 Kg6 27.
f4 Kf5 28. Rc7 Ke4 29. Rxa7 Kf3 30. Ra3+ Ke4 31. Ra6 Rc8 32. Kg2 Rc2 33. Bxf6
gxf6 34. d7 1-0

[Event "Titled Tue 3rd Jun Early"]
[Site "chess.com INT"]
[Date "2025.06.03"]
[Round "11"]
[White "Shuvalov, Evgenij"]
[Black "Goncharov, Vladimir"]
[Result "0-1"]
[WhiteElo "1986"]
[BlackElo "2077"]
[WhiteFideId "4187237"]
[BlackFideId "34162256"]
[EventDate "2025.06.03"]

1. d4 Nf6 2. c4 e6 3. Nf3 Bb4+ 4. Nbd2 d5 5. a3 Be7 6. e3 O-O 7. Bd3 c5 8. dxc5
dxc4 9. Nxc4 Bxc5 10. b4 Be7 11. Bb2 b5 12. Na5 a6 13. O-O Nd5 14. Qc2 Ra7 15.
Bxh7+ Kh8 16. Be4 Rc7 17. Qe2 Bf6 18. Ne5 g6 19. Rfd1 Qe7 20. Qf3 Kg7 21. Rac1
Rxc1 22. Rxc1 Bd7 23. Bxd5 exd5 24. Qxd5 Be6 25. Qf3 Rc8 26. Nec6 Nxc6 27. Nxc6
Bxb2 28. Rc2 Qd6 29. g4 Bd5 30. Qf4 Qxf4 31. exf4 Rxc6 32. Rxb2 Rc1# 0-1

[Event "Titled Tue 3rd Jun Early"]
[Site "chess.com INT"]
[Date "2025.06.03"]
[Round "11"]
[White "Moskalenko, Alexander"]
[Black "Vlassov, Nikolai"]
[Result "1-0"]
[WhiteTitle "GM"]
[BlackTitle "IM"]
[WhiteElo "2422"]
[BlackElo "2291"]
[WhiteFideId "4155351"]
[BlackFideId "4103360"]
[EventDate "2025.06.03"]

1. Nf3 f5 2. d4 Nf6 3. c4 g6 4. e3 Bg7 5. b4 O-O 6. Bb2 d6 7. Be2 Qe8 8. O-O Nc6
9. Qb3 Nd8 10. d5 h6 11. Nbd2 e5 12. dxe6 Bxe6 13. Nd4 Bf7 14. Qc2 Ne6 15. Bf3
c6 16. Nxe6 Qxe6 17. Rfd1 Rad8 18. Bd4 a6 19. Rab1 d5 20. cxd5 Nxd5 21. Bxg7
Kxg7 22. Nb3 Qe5 23. Nc5 Qc3 24. Rdc1 Qxc2 25. Rxc2 Rfe8 26. Nxb7 Rb8 27. Nd6
Red8 28. Nxf7 Kxf7 29. a3 a5 30. Rc4 axb4 31. axb4 Rb6 32. h4 Rdb8 33. Rxc6 Nxb4
34. Rc7+ Kf6 35. h5 g5 36. Rh7 Ke5 37. g4 fxg4 38. Bxg4 Nd5 39. Rxb6 Rxb6 40.
Bf3 Nc3 41. Kg2 Nb5 42. Rh8 Re6 43. Bg4 Rf6 44. Re8+ Kd6 45. e4 1-0

[Event "Titled Tue 3rd Jun Early"]
[Site "chess.com INT"]
[Date "2025.06.03"]
[Round "11"]
[White "Tica, Sven"]
[Black "Rubes, Jan"]
[Result "1-0"]
[WhiteTitle "IM"]
[BlackTitle "IM"]
[WhiteElo "2429"]
[BlackElo "2426"]
[WhiteFideId "14526948"]
[BlackFideId "338176"]
[EventDate "2025.06.03"]

1. Nf3 d5 2. g3 Nf6 3. Bg2 e6 4. d4 c5 5. c4 dxc4 6. O-O Nc6 7. dxc5 Qxd1 8.
Rxd1 Bxc5 9. Nbd2 c3 10. bxc3 O-O 11. Nb3 Be7 12. Nfd4 Bd7 13. Nxc6 Bxc6 14.
Bxc6 bxc6 15. c4 a5 16. Bf4 a4 17. Nd4 Rfc8 18. Rab1 Ne4 19. Rdc1 Bf6 20. Be3 h5
21. f3 Nd6 22. Rb6 Kh7 23. Nxc6 Nf5 24. Bf2 a3 25. c5 Ra4 26. Kg2 Bb2 27. Rd1
Rc4 28. Rd7 Rc2 29. g4 hxg4 30. fxg4 Nh6 31. Kf3 Rc3+ 32. e3 Rxc5 33. Nd4 Bxd4
34. exd4 Rc3+ 35. Kf4 Rc2 36. Be3 Rxa2 37. Kg3 Re2 38. Bxh6 Kxh6 39. Rxf7 Ra8
40. Rbb7 a2 41. Rxg7 Ra3+ 42. Kf4 Rf2+ 43. Ke4 Re2+ 44. Kf4 Rf2+ 45. Ke4 Rf6 46.
h4 Rf8 47. Rh7+ Kg6 48. Rbg7+ Kf6 49. g5# 1-0

[Event "Titled Tue 3rd Jun Early"]
[Site "chess.com INT"]
[Date "2025.06.03"]
[Round "11"]
[White "Mitrabha, Guha"]
[Black "Gurel, Ediz"]
[Result "1/2-1/2"]
[WhiteTitle "GM"]
[BlackTitle "GM"]
[WhiteElo "2515"]
[BlackElo "2636"]
[WhiteFideId "5057000"]
[BlackFideId "44507356"]
[EventDate "2025.06.03"]

1. Nf3 Nf6 2. c4 c5 3. g3 b6 4. Bg2 Bb7 5. O-O e6 6. b3 Be7 7. Bb2 O-O 8. d4 d5
9. dxc5 Bxc5 10. cxd5 Nxd5 11. Nc3 Nd7 12. Nxd5 Bxd5 13. Ne5 Bxg2 14. Kxg2 Nxe5
15. Bxe5 Qe7 16. Qd3 Rad8 17. Qf3 Rd5 18. Bc3 Rfd8 19. Rac1 a5 20. e3 Rf5 21.
Qe4 Rfd5 22. Qf3 Qd7 23. h4 h6 24. Rc2 Rd3 25. Bb2 Rd2 26. Rfc1 Rxc2 27. Rxc2
Qd3 28. Rc4 Qb1 29. Bc3 Bf8 30. Rc7 f6 31. Bxf6 gxf6 32. Qxf6 Qe4+ 33. Kh2 Ra8
34. Qf7+ Kh8 35. Qf6+ Kg8 36. Qf7+ Kh8 37. Qf6+ Kg8 1/2-1/2

[Event "Titled Tue 3rd Jun Early"]
[Site "chess.com INT"]
[Date "2025.06.03"]
[Round "11"]
[White "Dicen, Elis Denele"]
[Black "Bilochenko, Matvii"]
[Result "1-0"]
[WhiteTitle "WFM"]
[BlackTitle "CM"]
[WhiteElo "2135"]
[BlackElo "2027"]
[WhiteFideId "462560"]
[BlackFideId "41834062"]
[EventDate "2025.06.03"]

1. e4 c5 2. Nf3 e6 3. d4 cxd4 4. Nxd4 Nc6 5. Nc3 Qc7 6. Be3 a6 7. Qf3 Nf6 8. Bd3
Ne5 9. Qe2 Nxd3+ 10. cxd3 Bb4 11. Rc1 O-O 12. O-O Qd8 13. f4 d5 14. e5 Nd7 15.
Rf3 Bc5 16. Rh3 b5 17. Qh5 h6 18. Nce2 Bb7 19. Qg4 Bxd4 20. Nxd4 Kh7 21. Rf1 Nc5
22. Qh5 f5 23. exf6 Qxf6 24. f5 e5 25. Nf3 Nxd3 26. Ng5+ Kg8 27. Ne6 Nf4 28.
Bxf4 exf4 29. Nxf8 Qd4+ 30. Kh1 Rxf8 31. Rhf3 Qf6 32. Rxf4 d4 33. Qg4 Rd8 34.
Rd1 d3 35. Qg3 d2 36. Rf2 Qxb2 37. f6 Rd7 38. f7+ Kf8 39. Qb8+ Ke7 40. f8=Q+ Ke6
41. Qbe8+ 1-0

[Event "Titled Tue 3rd Jun Early"]
[Site "chess.com INT"]
[Date "2025.06.03"]
[Round "11"]
[White "Stefanov, Plamen"]
[Black "Fernandes, Rogerio Paulo Muller"]
[Result "1-0"]
[WhiteElo "1982"]
[BlackElo "2241"]
[WhiteFideId "2900980"]
[BlackFideId "2101599"]
[EventDate "2025.06.03"]

1. e4 e6 2. d4 d5 3. Nc3 Bb4 4. e5 c5 5. a3 Bxc3+ 6. bxc3 Ne7 7. Qg4 Kf8 8. h4
Qa5 9. Ne2 Qa4 10. Bg5 Nbc6 11. Bf6 gxf6 12. exf6 Nf5 13. Qf4 Qxc2 14. g4 Qe4
15. gxf5 Qxf4 16. Nxf4 cxd4 17. cxd4 Nxd4 18. fxe6 Bxe6 19. Rd1 Nf3+ 20. Ke2 Ne5
21. Nxd5 Nd7 22. Nc7 Rd8 23. Bg2 b6 24. Bc6 Rg8 25. Nxe6+ fxe6 26. Rxd7 Rxd7 27.
Bxd7 Kf7 28. Rh3 Kxf6 29. Rf3+ Ke7 30. Bb5 Rg4 31. Rg3 Rxh4 32. Rg7+ Kd6 33.
Rxa7 h5 34. Bd3 Rh1 35. a4 Ra1 36. Bb5 Ra3 37. Rh7 Rh3 38. Kf1 Rh4 39. Kg2 Rg4+
40. Kh3 Rg5 41. f3 Rf5 42. Kg3 e5 43. Rh6+ Kc5 44. Rc6+ Kb4 45. Rxb6 h4+ 46. Kg2
Ka5 47. Rh6 Rf4 48. Bd7 e4 49. fxe4 Rxe4 50. Kh3 Rd4 51. Bb5 Re4 52. Rxh4 Rxh4+
53. Kxh4 Kb6 54. Kg5 Kc5 55. Kf5 Kb6 56. Ke5 Kc5 57. Ke4 Kb6 58. Kd5 Ka5 59. Kc6
Kb4 60. Kb6 1-0

[Event "Titled Tue 3rd Jun Early"]
[Site "chess.com INT"]
[Date "2025.06.03"]
[Round "11"]
[White "Hungaski, Robert"]
[Black "Drygalov, Sergey"]
[Result "1-0"]
[WhiteTitle "GM"]
[BlackTitle "GM"]
[WhiteElo "2477"]
[BlackElo "2560"]
[WhiteFideId "2021030"]
[BlackFideId "24171743"]
[EventDate "2025.06.03"]

1. h3 Nf6 2. e3 d5 3. Nf3 c5 4. Bb5+ Bd7 5. Qe2 g6 6. O-O Bg7 7. Nc3 Nc6 8. Bxc6
Bxc6 9. Ne5 Rc8 10. d3 d4 11. Nxc6 Rxc6 12. Nb1 dxe3 13. fxe3 O-O 14. Nd2 a6 15.
a4 b5 16. axb5 axb5 17. Nf3 c4 18. Nd4 Rc5 19. b4 Re5 20. Nc6 Qd6 21. Nxe5 Qxe5
22. Ra5 cxd3 23. cxd3 Nd5 24. Bd2 Qb2 25. Re1 Rb8 26. d4 e6 27. Qd3 Rc8 28. Rb1
Qc2 29. Qxc2 Rxc2 30. Rd1 Bh6 31. Rxb5 Bxe3+ 32. Bxe3 Nxe3 33. Rb8+ Kg7 34. Rb1
Rxg2+ 35. Kh1 f5 36. b5 f4 37. b6 f3 38. b7 Nf5 39. Rg8+ Kxg8 40. b8=Q+ Kf7 41.
Rb7+ Kf6 42. Qd8+ Ne7 43. Qxe7+ Kf5 44. Qf7+ Ke4 45. Qxe6+ Kd3 46. Rb3+ 1-0

[Event "Titled Tue 3rd Jun Early"]
[Site "chess.com INT"]
[Date "2025.06.03"]
[Round "11"]
[White "Dann, Matthias"]
[Black "Moeller, Maurin"]
[Result "1-0"]
[WhiteTitle "IM"]
[BlackTitle "FM"]
[WhiteElo "2446"]
[BlackElo "2291"]
[WhiteFideId "24638056"]
[BlackFideId "16265696"]
[EventDate "2025.06.03"]

1. e4 g6 2. d4 Bg7 3. Nc3 d6 4. Bc4 a6 5. Nf3 e6 6. a4 Nf6 7. Qe2 O-O 8. Bb3 Nc6
9. e5 dxe5 10. dxe5 Nd7 11. Bf4 Qe7 12. O-O Qb4 13. Bg3 Nc5 14. Rad1 Nxb3 15.
cxb3 Qxb3 16. Ne4 Qxa4 17. Nf6+ Kh8 18. Qe3 Qb4 19. Bf4 Ne7 20. Rd4 Qxb2 21. Ng5
Nf5 22. Qh3 h6 23. Rd2 Qb4 24. Nge4 Bxf6 25. Bxh6 Bg7 26. Bg5+ Kg8 27. Nf6+ Bxf6
28. Bxf6 Ng7 29. Qh6 Re8 30. Qxg7# 1-0

[Event "Titled Tue 3rd Jun Early"]
[Site "chess.com INT"]
[Date "2025.06.03"]
[Round "11"]
[White "Tang, Andrew"]
[Black "Materia, Marco"]
[Result "0-1"]
[WhiteTitle "GM"]
[BlackTitle "IM"]
[WhiteElo "2529"]
[BlackElo "2489"]
[WhiteFideId "2059630"]
[BlackFideId "45150451"]
[EventDate "2025.06.03"]

1. d4 Nf6 2. c4 e6 3. Nc3 d5 4. cxd5 exd5 5. Bg5 Be7 6. e3 h6 7. Bh4 c6 8. Bd3
O-O 9. Nge2 Re8 10. O-O Nh5 11. Bxe7 Qxe7 12. Qc2 Nd7 13. Rae1 Nb6 14. Nc1 Qg5
15. Nb3 Nf6 16. Nc5 Nbd7 17. b4 a5 18. Nxd7 Bxd7 19. b5 Rac8 20. bxc6 Bxc6 21.
Qb2 Re6 22. Ne2 Nh5 23. Qd2 Rce8 24. Qxa5 Rxe3 25. h4 Qe7 26. fxe3 Qxe3+ 27. Kh2
Qxd3 28. Qc3 Qg6 29. Nf4 Qd6 30. Rxe8+ Bxe8 31. Qe3 Bb5 32. Rf3 g5 33. hxg5 hxg5
34. g3 gxf4 35. gxf4 Qh6 36. Kg1 Qg6+ 37. Kh2 Nf6 38. Qe1 Ng4+ 39. Kg1 Ne5+ 40.
Rg3 Nf3+ 41. Kf2 Nxe1 0-1

[Event "Titled Tue 3rd Jun Early"]
[Site "chess.com INT"]
[Date "2025.06.03"]
[Round "11"]
[White "Gurevich, Dmitry"]
[Black "Bratovic, Blaz"]
[Result "1/2-1/2"]
[WhiteTitle "GM"]
[BlackTitle "IM"]
[WhiteElo "2347"]
[BlackElo "2319"]
[WhiteFideId "2000407"]
[BlackFideId "14603551"]
[EventDate "2025.06.03"]

1. d4 f5 2. Nf3 Nf6 3. Bg5 e6 4. Nbd2 Be7 5. Bxf6 Bxf6 6. e4 d5 7. exf5 exf5 8.
Bd3 O-O 9. O-O Nc6 10. c3 g6 11. Qb3 Kh8 12. Rfe1 Rb8 13. a4 a5 14. Nf1 Qd6 15.
Bb5 Bd7 16. Ne3 Be6 17. Qa3 Qxa3 18. Rxa3 Ne7 19. Rb3 c6 20. Bd3 Bf7 21. g3 Kg7
22. h4 h5 23. Ng2 Rfe8 24. Nf4 Nc8 25. Rxe8 Bxe8 26. Ba6 Nd6 27. Ne5 Bf7 28.
Nxc6 Rc8 29. Na7 Ra8 30. Bxb7 Rxa7 31. Bxd5 Re7 32. Rb6 Re1+ 33. Kg2 Bxd5+ 34.
Nxd5 Ne4 35. f3 Re2+ 36. Kg1 Re1+ 37. Kg2 Re2+ 38. Kg1 Re1+ 39. Kg2 1/2-1/2

[Event "Titled Tue 3rd Jun Early"]
[Site "chess.com INT"]
[Date "2025.06.03"]
[Round "11"]
[White "Aradhya, Garg"]
[Black "Durarbayli, Vasif"]
[Result "0-1"]
[WhiteTitle "IM"]
[BlackTitle "GM"]
[WhiteElo "2383"]
[BlackElo "2612"]
[WhiteFideId "25006746"]
[BlackFideId "13402935"]
[EventDate "2025.06.03"]

1. d4 d5 2. c4 e6 3. Nc3 Nf6 4. Nf3 c6 5. e3 Nbd7 6. Bd3 dxc4 7. Bxc4 b5 8. Bd3
a6 9. a4 Bb7 10. e4 b4 11. e5 bxc3 12. exf6 cxb2 13. fxg7 bxa1=Q 14. gxh8=Q Qa5+
15. Ke2 c5 16. Qxh7 cxd4 17. Bd2 Bxf3+ 18. gxf3 Qa2 19. Rg1 Rb8 20. Qc2 Qxc2 21.
Bxc2 Qc7 22. Bd3 Rb2 23. Rd1 Nc5 24. Kf1 Qc6 25. Be4 Qxa4 26. Ke1 Nb3 27. Bg6
Qd7 28. Bh6 Bxh6 29. Qxh6 fxg6 30. Qxg6+ Kd8 31. Qe4 Qd5 32. Qg6 a5 33. Qg8+ Kc7
34. Qf7+ Kb6 35. Qf8 Qe5+ 36. Kf1 Qe2+ 37. Kg2 Qxf2+ 38. Kh3 Qxh2+ 39. Kg4 Rg2# 0-1

[Event "Titled Tue 3rd Jun Early"]
[Site "chess.com INT"]
[Date "2025.06.03"]
[Round "11"]
[White "Souleidis, Georgios"]
[Black "Gbiorczyk, Mikolaj"]
[Result "1-0"]
[WhiteTitle "IM"]
[BlackTitle "CM"]
[WhiteElo "2418"]
[BlackElo "2191"]
[WhiteFideId "4206827"]
[BlackFideId "21080763"]
[EventDate "2025.06.03"]

1. g3 f5 2. Bg2 Nf6 3. d4 g6 4. Nf3 Bg7 5. O-O O-O 6. Nbd2 d6 7. Re1 c6 8. c3
Qc7 9. Qb3+ Kh8 10. e4 fxe4 11. Nxe4 Nxe4 12. Rxe4 Bf5 13. Re1 e5 14. dxe5 dxe5
15. Ng5 Na6 16. Ne6 Bxe6 17. Qxe6 Rae8 18. Qc4 e4 19. Rxe4 Rxe4 20. Bxe4 Nb8 21.
a4 Nd7 22. Be3 Ne5 23. Qe2 Qf7 24. Bxa7 h6 25. Bd4 Kh7 26. Re1 Re8 27. Kg2 Nd7
28. Bxg6+ Qxg6 29. Qxe8 Bxd4 30. cxd4 Qxe8 31. Rxe8 Kg6 32. Re7 Nb6 33. a5 Nc4
34. b4 Nd6 35. Re6+ 1-0